[Event "GCT Croatia Blitz 2021"]
[Site "Zagreb"]
[Date "2021.07.11"]
[Round "18"]
[White "Vachier-Lagrave, Maxime"]
[Black "Korobov, Anton"]
[Result "1-0"]
[WhiteElo "2749"]
[BlackElo "2683"]
[Annotator "RC"]
[PlyCount "103"]
[EventDate "2021.07.10"]
[EventType "tourn"]
[EventCountry "CRO"]
[SourceTitle "playchess.com"]
[Source "ChessBase"]
[SourceQuality "1"]
[TimeControl "300+2"]

1. d4 {[%emt 0:00:01]} Nf6 {[%emt 0:00:01]} 2. Bf4 {[%emt 0:00:02]} c5 {
[%emt 0:00:09]} 3. d5 {[%emt 0:00:03]} d6 {[%emt 0:00:02]} 4. Nc3 {[%emt 0:00:
17]} e5 {[%emt 0:00:05]} 5. Bd2 {[%emt 0:00:02]} g6 {[%emt 0:00:14]} 6. e4 {
[%emt 0:00:02]} Bg7 {[%emt 0:00:01]} 7. a4 {[%emt 0:00:17]} O-O {[%emt 0:00:03]
} 8. Nge2 {[%emt 0:00:01]} Nh5 {[%emt 0:00:19]} 9. g3 {[%emt 0:00:12]} f5 {
[%emt 0:00:05]} 10. exf5 {[%emt 0:00:01]} gxf5 {[%emt 0:00:04]} 11. Bg2 {
[%emt 0:00:01]} Nd7 {[%emt 0:00:11]} 12. O-O {[%emt 0:00:05]} a6 {[%emt 0:00:
25]} 13. f4 {[%emt 0:00:06]} Ndf6 {[%emt 0:00:28]} 14. fxe5 {[%emt 0:00:17]}
dxe5 {[%emt 0:00:01]} 15. Bg5 {[%emt 0:00:02]} Qd6 {[%emt 0:00:18]} 16. Qd2 {
[%emt 0:00:02]} Bd7 {[%emt 0:00:05]} 17. Nd1 {[%emt 0:00:02]} Ne4 {[%emt 0:00:
14]} 18. Bxe4 {[%emt 0:00:02]} fxe4 {[%emt 0:00:01]} 19. Rxf8+ {[%emt 0:00:36]}
Rxf8 {[%emt 0:00:02]} 20. Nf2 {[%emt 0:00:02]} Qg6 {[%emt 0:00:15]} 21. Nc3 {
[%emt 0:00:03]} h6 {[%emt 0:00:33]} 22. Bh4 {[%emt 0:00:07]} e3 {[%emt 0:00:50]
} 23. Qxe3 {[%emt 0:00:02]} Qxc2 {[%emt 0:00:03]} 24. Nce4 {[%emt 0:00:35]}
Qxb2 {[%emt 0:00:05]} 25. Rd1 {[%emt 0:00:09]} c4 {[%emt 0:00:05]} 26. Nc5 {
[%emt 0:00:07]} Bf5 {[%emt 0:00:13]} 27. Ne6 {[%emt 0:00:02]} c3 {[%emt 0:00:
06]} 28. Nxf8 {[%emt 0:00:06]} c2 {[%emt 0:00:01]} 29. Rf1 {[%emt 0:00:07]}
Bxf8 {[%emt 0:00:02]} 30. g4 {[%emt 0:00:01]} Qb4 {[%emt 0:00:34]} 31. Qf3 {
[%emt 0:00:26]} Bc8 {[%emt 0:00:07]} 32. gxh5 {[%emt 0:00:15]} Qxh4 {[%emt 0:
00:02]} 33. Ne4 {[%emt 0:00:02]} Qg4+ {[%emt 0:00:14]} 34. Qxg4+ {[%emt 0:00:
01]} Bxg4 {[%emt 0:00:01]} 35. Nf6+ {[%emt 0:00:01]} Kg7 {[%emt 0:00:00]} 36.
Nxg4 {[%emt 0:00:03]} Ba3 {[%emt 0:00:01]} 37. Nxe5 {[%emt 0:00:55]} c1=Q {
[%emt 0:00:02]} 38. Rxc1 {[%emt 0:00:01]} Bxc1 {[%emt 0:00:01]} 39. a5 {
[%emt 0:00:01]} Kf6 {[%emt 0:00:04]} 40. Nc4 {[%emt 0:00:02]} Kf5 {[%emt 0:00:
09]} 41. h4 {[%emt 0:00:11]} Kf6 {[%emt 0:00:05]} 42. Kf2 {[%emt 0:00:02]} Bf4
{[%emt 0:00:01]} 43. Kf3 {[%emt 0:00:01]} Bc7 {[%emt 0:00:01]} 44. Ke4 {
[%emt 0:00:02]} Bd8 {[%emt 0:00:01]} 45. Kd4 {[%emt 0:00:05]} Kf5 {[%emt 0:00:
02]} 46. Nd6+ {[%emt 0:00:01]} Kg4 {[%emt 0:00:01]} 47. Nxb7 {[%emt 0:00:01]}
Bxh4 {[%emt 0:00:01]} 48. Kc5 {[%emt 0:00:09]} Kxh5 {[%emt 0:00:01]} 49. Kb6 {
[%emt 0:00:01]} Kg4 {[%emt 0:00:02]} 50. Kxa6 {[%emt 0:00:01]} h5 {[%emt 0:00:
00]} 51. Kb5 {[%emt 0:00:02]} Bf6 {[%emt 0:00:06]} 52. a6 {[%emt 0:00:01]} 1-0

[Event "GCT Croatia Blitz 2021"]
[Site "Zagreb"]
[Date "2021.07.11"]
[Round "18"]
[White "Van Foreest, Jorden"]
[Black "Duda, Jan-Krzysztof"]
[Result "0-1"]
[WhiteElo "2688"]
[BlackElo "2738"]
[Annotator "TA"]
[PlyCount "60"]
[EventDate "2021.07.10"]
[EventType "tourn"]
[EventCountry "CRO"]
[SourceTitle "playchess.com"]
[Source "ChessBase"]
[SourceQuality "1"]

{[%evp 13,60,18,20,0,0,0,0,-7,0,0,0,0,0,-190,-89,-89,0,0,50,35,43,-50,-31,-81,
-69,-103,-65,-109,-110,-191,47,61,509,501,606,591,519,0,364,365,376,358,360,
-1335,-1320,-29987,-29988,-29995,-29996]} 1. e4 c5 2. Nf3 d6 3. d4 cxd4 4. Nxd4
Nf6 5. Nc3 a6 6. Bg5 Nbd7 7. Bc4 {7.Qe2 is a critical line.} e6 8. Qd2 {
B94: Sicilian Najdorf: 6 Bg5 Nbd7.} h6 9. Bxf6 Nxf6 10. O-O-O {The position is
equal.} b5 11. Bb3 b4 12. Nd5 exd5 {[#]} 13. exd5 $146 (13. Ba4+ $1 $11 {
and White is okay.} Bd7 14. Nc6) ({Predecessor:} 13. Ba4+ Bd7 14. Nc6 Qc7 15.
exd5 Be7 16. Rhe1 Ng8 17. Rxe7+ Nxe7 18. Re1 O-O 19. Rxe7 {0-1 (41) Akrill,R 
(1995)-Lorenz,B (1984) ICCF email 2017}) 13... Qb6 (13... Bd7 $1 $19 {has
better winning chances.} 14. Rhe1+ Be7) 14. Rhe1+ Kd7 ({Better is} 14... Kd8
$17 {Hoping for ...Kc7.} 15. Nc6+ Kc7 16. Nxb4 Bd7) 15. Kb1 $1 $11 a5 16. Ba4+
$1 Kc7 17. c4 (17. c3 $1 $14) 17... Bd7 18. Bc6 Bxc6 19. dxc6 Qc5 20. Qf4 Kb6
21. Nb5 (21. Qd2 $17) 21... Qxc6 $2 (21... Rc8 $19 {Strongly threatening ...d5.
} 22. Nd4 d5 23. cxd5 Qxd5) 22. Nxd6 $14 Nd7 $2 {[%mdl 8192]} (22... Rb8 $14)
23. Nxf7 $18 Rg8 24. Qf5 Nc5 25. Qh7 (25. Nd8 $1 $18 {[%cal Rd8c6]} g6 26. Qf7)
25... a4 $2 {[%mdl 8192]} 26. Ne5 $1 {[%cal Re5c6]} (26. Qxg8 $2 {loses.} Qg6+
27. Kc1 b3 $19) 26... Qf6 27. Qxg8 {Black must now prevent Nd7+.} Qf5+ {[#]}
28. Kc1 $4 {[%mdl 8192]} (28. Ka1 $2 {[#] leads to mate.} Nb3+ $1 {[%mdl 512]}
29. axb3 axb3#) (28. Nd3 $1 $18 Rd8 29. Re5 $1) 28... b3 $19 {[%csl Gb3][%cal
Rf5c2]} 29. Rd3 Qxf2 {[%csl Gb3][%cal Rf2c2][%mdl 64] Double Attack} 30. Nd7+
Ka5 {[%csl Gb3][%cal Rf2c2] What a bad dream for White.  Weighted Error Value:
White=0.79/Black=0.74} 0-1